000 01933cam a22004574i 4500
003 PE-LiUPU
005 20250731173025.0
008 150623s r 000 0 d
020 _a1565632664
035 _a(Sirsi) i9781565632660
040 _aPE-LiUPU
_bspa
_cPE-LiUPU
_erda
049 _aPRUA
082 0 4 _a225.61
_bM12
_221
100 1 _aMcDonald, Lee Martin,
_eautor.
245 1 0 _aEarly christianity and its sacred literature /
_cLee Martin McDonald.
264 1 _aPeabody, Massachusetts :
_bHendrickson Publishers,
_c2000.
300 _a708 páginas :
_bilustraciones fotos ;
_c24 centímetros
336 _atext
_2rdacontent
337 _aunmediated
_2rdamedia
338 _avolume
_2rdacarrier
504 _aIncluye bibliografía.
505 0 _aHistory and Faith. -Examining The Bible Critically. -The Historycal Context of Early Christianity. -The Quest for the Historical Jesus. -The History of Jesus. -The Emergence of Early Christianity. -The Gospels and the Acts of the Apostles. -The Pauline Tradition. -The Pauline Letters. -Hebrews, the general epistles, and Revelation. -The language, Text, and Transmission of the new Testament. -The origins of thje christian Bible. -The apocrypha, Perudepigrappha, and Agrapha.
526 _aSEG42
526 _aSEG41
526 _aSEG40
526 _aSEG39
526 _aP94
526 _aP87
526 _aP86
526 _aP85
526 _aP77
526 _aP76
526 _aP35
630 _aBiblia.
_pN.T.
_xIntroducciones.
942 _2ddc
_cBOOK
949 _a225.61 M12
_wDEWEY
_c1
_i47953
_lCCODEBUL1
_mBUL
_r0
_sY
_tBOOK
_u2015-6-24
_xTEOLOGIA
_PP35
_0COMPRA
_o.STAFF. Colección General
994 _aC0
_bPEPRU
596 _a1
999 _a225.61 M12
_wDEWEY
_c24427
_i47953
_f2021-11-9
_g5
_lCCODEBUL1
_mBUL
_r0
_sY
_tBOOK
_u2015-6-24
_xTEOLOGIA
_PP35
_0COMPRA
_o.STAFF. Colección General
_d24427
980 _81
_gALBERTO SANCHEZ Responsable de Automatización